Loading...
| History - World History | 0 | 6 | 1 | 0 | 55 | 15 | 53.17 | 2 | 4 |
| History - European History | 0 | 5 | 0 | 2 | 50 | 51 | 80.60 | 0 | 3 |
| History - Other History | 0 | 5 | 1 | 1 | 45 | 35 | 75.80 | 1 | 2 |
| History - American History | 0 | 4 | 1 | 0 | 35 | 17 | 60.25 | 1 | 1 |
| Social Science | 0 | 3 | 0 | 0 | 30 | 42 | 54.67 | 0 | 1 |
| Science - Other Science | 0 | 3 | 0 | 2 | 30 | 105 | 107.33 | 0 | 0 |
| Science - Chemistry | 0 | 3 | 1 | 0 | 25 | 80 | 81.67 | 0 | 0 |
| Current Events | 0 | 2 | 1 | 0 | 15 | 45 | 65.00 | 0 | 0 |
| Literature - World Literature | 0 | 1 | 0 | 0 | 10 | 102 | 102.00 | 0 | 0 |
| Philosophy | 0 | 1 | 0 | 0 | 10 | 93 | 93.00 | 0 | 0 |
| Literature - American Literature | 0 | 1 | 0 | 0 | 10 | 85 | 85.00 | 0 | 0 |
| Science - Physics | 0 | 1 | 0 | 0 | 10 | 111 | 111.00 | 0 | 0 |
| Mythology | 0 | 1 | 0 | 0 | 10 | 113 | 113.00 | 0 | 0 |
| Religion | 0 | 1 | 1 | 1 | 5 | 111 | 111.00 | 0 | 0 |
| Geography | 0 | 0 | 1 | 0 | -5 | 0.00 | 0 | 0 |